| 000 -CABECERA |
| Longitud fija campo de control |
00536nam a2200181 a 4500 |
| 001 - NÚMERO DE CONTROL |
| Número de control |
4699 |
| 003 - IDENTIFICADOR DEL NÚMERO DE CONTROL |
| Identificador del número de control |
CDMR |
| 005 - FECHA Y HORA DE LA ÚLTIMA TRANSACCIÓN |
| Fecha y hora de la última transacción |
20130419121515.0 |
| 008 - CÓDIGOS DE INFORMACIÓN DE LONGITUD FIJA |
| Códigos de información de longitud fija |
130130s2011||||sp |||||||||||||||||cat|d |
| 040 ## - FUENTE DE LA CATALOGACIÓN |
| Centro catalogador de origen |
CDMR |
| Lengua de catalogación |
cat |
| Centro transcriptor |
CPC GIRONA |
| 100 1# - PUNTO DE ACCESO PRINCIPAL-NOMBRE DE PERSONA |
| 9 (RLIN) |
1068 |
| Nombre de persona |
Alberch i Fugueras, Ramón |
| 245 13 - MENCIÓN DE TÍTULO |
| Título |
El preu de la memòria |
| Resto del título |
: el cas de l'Arxiu Centelles |
| Mención de responsabilidad, etc. |
Ramon Alberch i Fugueras |
| 260 ## - PUBLICACIÓN, DISTRIBUCIÓN, ETC. (PIE DE IMPRENTA) |
| Fecha de publicación, distribución, etc. |
2011 |
| Nombre del editor, distribuidor, etc. |
Pagès |
| Lugar de publicación, distribución, etc. |
Lleida |
| 300 ## - DESCRIPCIÓN FÍSICA |
| Extensión |
112 p. |
| 490 0# - MENCIÓN DE SERIE |
| Mención de serie |
Guimet |
| Designación de volumen o secuencia |
142 |
| 600 1# - PUNTO DE ACCESO ADICIONAL DE MATERIA - NOMBRE DE PERSONA |
| 9 (RLIN) |
3228 |
| Nombre de persona |
Centelles, Agustí |
| Subdivisión de forma (R ) |
Col·leccions de fotografies |
| 942 ## - ENTRADA DE ELEMENTOS AGREGADOS (KOHA) |
| Koha [por defecto] tipo de item |
Monografies |
| Fuente de clasificaión o esquema |
|